[Event "2019 Australian Open"]
[Site "chess24.com"]
[Date "2018.12.29"]
[Round "6.8"]
[White "Maguire, Tom"]
[Black "Goldenberg, Igor"]
[Result "0-1"]
[WhiteElo "2068"]
[BlackElo "2358"]

1.d4 d5 2.c4 c6 3.Nf3 Nf6 4.e3 e6 5.b3 Nbd7 6.Bd3 Bb4+ 7.Nbd2 O-O 8.O-O Re8
9.Bb2 b6 10.Ne5 Nxe5 11.dxe5 Nd7 12.cxd5 cxd5 13.f4 Nc5 14.Bb5 Bd7 15.Bxd7
Qxd7 16.Nf3 Ne4 17.a3 Bc5 18.Qe2 Rac8 19.b4 Be7 20.Nd4 Rc4 {_MARK:DIAGRAM_}
21.b5? {Allowing Black's B a good square.  21.f5 was the best chance.} Bc5
22.Nc6 Nc3 23.Bxc3 Rxc3 24.Kh1 Rxe3 25.Qg4 d4 26.Rf3 Qd5 27.a4 a6 28.Rd1 Qe4
29.Rxe3 dxe3 30.Qf3 Qxf3 31.gxf3 axb5 32.axb5 Ra8 33.Kg2 Ra2+ 34.Kg3 g6 35.Rb1
Kg7 36.Nb4 Rd2 37.Nc6 e2 38.Re1 Rb2 39.f5 exf5 40.f4 Rb3+ 41.Kg2 Re3 42.Nb8 h5
43.Nd7 Bd4 44.Nf6 Bc3 45.Kf2 Bxe1+ 46.Kxe3 Bh4 47.Kxe2 Bxf6 48.exf6+ Kxf6
49.Ke3 h4 50.Kd4 Ke6 {#R} 0-1

[Event "2019 Australian Open"]
[Site "chess24.com"]
[Date "2018.12.29"]
[Round "6.7"]
[White "Clarke, Brandon G I"]
[Black "Rujevic, Mirko"]
[Result "1-0"]
[WhiteElo "2386"]
[BlackElo "2092"]

1.e4 e5 2.Nf3 Nc6 3.Bb5 a6 4.Ba4 Nf6 5.O-O Be7 6.Re1 b5 7.Bb3 d6 8.c3 O-O 9.h3
Na5 10.Bc2 c5 11.d4 Qc7 12.Nbd2 cxd4 13.cxd4 Nc6 14.Nb3 a5 15.Be3 Nb4 16.Bb1
Bb7 17.a3 Na6 18.d5 a4 19.Nbd2 Nc5 20.Nh2 Rfc8 21.Qf3 Qa5 22.Nhf1 Ba6 23.Bxc5
Rxc5 24.Bd3 b4 25.Bxa6 Rxa6 26.Rec1 b3 27.Qd1 Ra8 28.Rxc5 Qxc5 29.Rc1 Qd4
30.Ng3 g6 31.Ne2 Qd3 32.Rc3 Qb5 33.Rc4 Bd8 34.Nc3 Qd7 35.Rc6 Ba5? {Banking on
White not being able to take the "a" pawn but... _MARK:DIAGRAM_} 36.Nxa4 Bxd2
37.Nb6 Qb7 38.Nxa8 Ba5 39.Qc1! {Black must have missed this.} Kg7 40.Nc7 Bb6
41.Kh2 Bd4 42.Ne6+! {#r} 1-0

[Event "2019 Australian Open"]
[Site "chess24.com"]
[Date "2018.12.29"]
[Round "6.6"]
[White "Nakauchi, Gene"]
[Black "Ikeda, Junta"]
[Result "0-1"]
[WhiteElo "2190"]
[BlackElo "2421"]

1.d4 Nf6 2.c4 g6 3.g3 Bg7 4.Bg2 O-O 5.Nf3 d6 6.O-O Nc6 7.Nc3 a6 8.d5 Na5 9.Nd2
c5 10.Qc2 b5 11.cxb5 axb5 12.Nxb5 Qb6 13.Na3 Ba6 14.b3 Nxd5 15.Bxd5 Bxa1
16.Bxa8 Rxa8 17.Nac4 Qc7 18.Nb2 Nc6 19.Qb1 Bxb2 20.Bxb2 Bxe2 21.Re1 Bg4 22.a3
Bf5 23.Qc1 Qb7 24.Qc4 e5 25.f4 Be6 26.Qd3 Qe7 27.Qf3 Rc8 28.fxe5 dxe5 29.Bxe5
Nxe5 30.Rxe5 Qd6 31.Qc3 Rd8 {_MARK:DIAGRAM_} 32.Ne4?? {Tempting but losing. 
32.Re2 was OK.} Qd1+ 33.Kf2 Rd3 34.Nf6+ Kh8 35.Rd5 Qf3+ 36.Kg1 Rxc3 37.Rd8+
Kg7 {#R} 0-1

[Event "2019 Australian Open"]
[Site "chess24.com"]
[Date "2018.12.29"]
[Round "6.11"]
[White "Ryjanova, Julia"]
[Black "Clarke, Matthew"]
[Result "1-0"]
[WhiteElo "2308"]
[BlackElo "1974"]

1.Nf3 d5 2.c4 c6 3.e3 Nf6 4.Nc3 a6 5.a4 Bf5 6.Qb3 Ra7 7.a5 e6 8.d4 Nbd7 9.Bd2
Bd6 10.Na4 Bc7 11.Qb4 Ne4 12.Nc3 Bd6 13.Qb3 Qe7 14.Be2 O-O 15.cxd5 exd5 16.Na2
Nxd2 17.Nxd2 Qg5 18.Bf3 Re8 19.Nc1 Nf6 20.Ne2 h5 21.h4 Qh6 22.Kf1 Re7 23.g3
Ra8 24.Nf4 Qh7 25.Kg2 Rae8 26.Qd1 Ng4 27.Bxg4 hxg4 28.Qb3 Bc2 29.Qc3 Be4+
30.Nxe4 Qxe4+ 31.Kh2 Qf3 32.Rhf1 g5 33.Ng2 {_MARK:DIAGRAM_} gxh4? (33...f5
$19) 34.Nxh4 Rxe3?? {a terrible oversight.  34...Qe4 was still better for
Black.} 35.Nxf3 Rxc3 36.bxc3 gxf3 37.Rfe1 Re2 38.Rxe2 fxe2 39.Re1 Bc7 40.Rxe2
Bxa5 41.Rc2 b5 42.Kg2 Bb6 43.Kf3 Kg7 44.Ke3 a5 45.Kd3 f6 46.Re2 Kf7 47.f4 Bc7
48.f5 Bxg3 49.Re6 b4 50.cxb4 axb4 51.Rxc6 Ke7 52.Re6+ {#r} 1-0

[Event "2019 Australian Open"]
[Site "chess24.com"]
[Date "2018.12.29"]
[Round "6.3"]
[White "Smirnov, Anton"]
[Black "Stojic, Dusan"]
[Result "1/2-1/2"]
[WhiteElo "2553"]
[BlackElo "2275"]

1.e4 c5 2.Nc3 d6 3.d4 cxd4 4.Qxd4 Nf6 5.b3 a6 6.Bb2 Nbd7 7.f4 e5 8.Qd2 b5
9.Nf3 Bb7 10.O-O-O Be7 11.Qe1 Qc7 12.Nd5 Bxd5 13.exd5 Rc8 14.Bd3 exf4 15.Nd4
Nxd5 16.Nf5 Ne5 17.Be4 Ne3 18.Nxe3 fxe3 19.Qxe3 O-O 20.Kb1 f5 21.Bd5+ Kh8
22.Rd2 Bf6 23.h3 Rce8 24.Qf2 Nd7 25.Rhd1 Bxb2 26.Kxb2 Nf6 {_MARK:DIAGRAM_}
27.Qxf5 Ne4 28.Qxf8+ Rxf8 29.Bxe4 Qe7 30.Bf3 Rd8 31.Re2 Qf6+ 32.Kb1 g6 33.Rde1
Rd7 34.Re6 Qd4 35.Re8+ Kg7 36.R8e7+ Rxe7 37.Rxe7+ Kg8 38.a3 h5 39.Re1 Kf7
40.Rd1 Qc5 41.Kb2 Qe5+ 42.Kb1 Ke6 43.b4 Kd7 44.Rd3 Kc7 45.g4 h4 46.Kc1 Qh2
47.Bd5 Qg1+ 48.Kd2 Qf2+ 49.Kd1 Kd7 50.Bb7 Kc7 51.Bd5 Kb6 52.Bg8 Qf1+ 53.Kd2
Qf2+ 54.Kd1 Qf1+ 55.Kd2 Qf4+ 56.Kd1 a5 57.bxa5+ Kxa5 58.Bd5 Kb6 59.Bg8 Kc5
60.Rd5+ Kc6 61.Rd3 Qf1+ 62.Kd2 Qf4+ 63.Kd1 Kd7 64.Bd5 Qf1+ 65.Kd2 Qf2+ 66.Kd1
Ke7 67.Bc6 Qg1+ 68.Kd2 Qf2+ 69.Kd1 Qc5 70.Bd5 Kf6 71.Bg8 Qg1+ 72.Kd2 Qf2+
73.Kd1 Ke5 74.Ba2 Kf4 75.Bd5 Qf1+ 76.Kd2 Qf2+ 77.Kd1 Qf1+ 78.Kd2 Ke5 79.Ba2
Qf2+ 80.Kd1 Qg1+ 81.Kd2 Qh2+ 82.Kd1 Qh1+ 83.Kd2 Qg2+ 84.Kd1 Qf1+ 85.Kd2 Qf2+
86.Kd1 {#d} 1/2-1/2

[Event "2019 Australian Open"]
[Date "2018.12.30"]
[Round "7.7"]
[White "Dale, Ari"]
[Black "Lekkas, Frank"]
[Result "1/2-1/2"]
[WhiteElo "2371"]
[BlackElo "2039"]

1.d4 Nf6 2.c4 g6 3.Nc3 Bg7 4.e4 d6 5.Nf3 O-O 6.Be2 e5 7.O-O Nc6 8.d5 Ne7 9.b4
a5 10.Ba3 axb4 11.Bxb4 b6 12.a4 Re8 13.Qb3 c5 14.Ba3 Rf8 15.Rfb1 Ra6 16.Bc1
Ne8 {_MARK:DIAGRAM_} {#d} 1/2-1/2

[Event "2019 Australian Open"]
[Date "2018.12.30"]
[Round "7.1"]
[White "Papin, Vasily"]
[Black "Izzat, Kanan"]
[Result "1/2-1/2"]
[WhiteElo "2483"]
[BlackElo "2496"]

1.c4 e6 2.Nf3 d5 3.e3 Nf6 4.Nc3 Be7 5.b3 O-O 6.Bb2 dxc4 7.bxc4 c5 8.Qc2 Nc6
9.a3 h6 10.Be2 e5 11.O-O {_MARK:DIAGRAM_} {#d} 1/2-1/2

[Event "2019 Australian Open"]
[Site "chess24.com"]
[Date "2018.12.30"]
[Round "7.9"]
[White "Yang, Ray"]
[Black "Ryjanova, Julia"]
[Result "1/2-1/2"]
[WhiteElo "2065"]
[BlackElo "2308"]

1.d4 Nf6 2.c4 e6 3.g3 d5 4.Nf3 c5 5.cxd5 exd5 6.Bg2 Nc6 7.O-O Be7 8.Nc3 O-O
9.dxc5 Bxc5 10.Bg5 d4 11.Ne4 Be7 12.Nxf6+ Bxf6 13.Bxf6 Qxf6 14.Qa4 Be6 15.Nd2
d3 16.exd3 Qxb2 17.Nc4 Qd4 18.Bxc6 bxc6 19.Qxc6 Qxd3 20.Ne3 Rac8 21.Qa4 a6
22.Rfd1 Qe2 23.Re1 Qd3 24.Red1 Qe2 25.Re1 Qd3 {_MARK:DIAGRAM_} {#d} 1/2-1/2

[Event "2019 Australian Open"]
[Site "chess24.com"]
[Date "2018.12.30"]
[Round "7.4"]
[White "Tan, Justin"]
[Black "Chow, Samuel"]
[Result "1-0"]
[WhiteElo "2502"]
[BlackElo "2331"]

1.Nf3 Nf6 2.c4 g6 3.Nc3 d5 4.cxd5 Nxd5 5.Qb3 Nb6 6.d4 Bg7 7.e4 Bg4 8.Bb5+ c6
9.Ng5 O-O 10.Be2 Bxe2 11.Nxe2 Na6 12.Qh3 h6 13.Nf3 h5 14.Rg1 Qd7 15.g4 Rfd8
16.Qh4 hxg4 17.Ng5 Nc5 18.Be3 Nd3+ 19.Kf1 Nc4 20.Rxg4 e5 21.Rg3
{_MARK:DIAGRAM_} Nxe3+ 22.Rxe3 Nf4 23.Nxf4 exf4 24.Rf3 Qxd4 25.Rxf4 Qc4+
26.Kg2 Rd7 27.Qh7+ Kf8 28.Qxg6 Kg8 29.Qh7+ Kf8 30.b3 Qb5 31.Ne6+ Ke7 32.Qxg7
{#r} 1-0

[Event "2019 Australian Open"]
[Date "2018.12.30"]
[Round "7.12"]
[White "Puccini, Jack"]
[Black "Maguire, Tom"]
[Result "1-0"]
[WhiteElo "2268"]
[BlackElo "2068"]

1.e4 c6 2.d4 d5 3.Nd2 dxe4 4.Nxe4 Bf5 5.Ng3 Bg6 6.h4 h6 7.Nf3 Nd7 8.h5 Bh7
9.Bd3 Bxd3 10.Qxd3 e6 11.Bd2 Ngf6 12.O-O-O Be7 13.Kb1 O-O 14.Ne4 Nxe4 15.Qxe4
Nf6 16.Qe2 Qd5 17.Be3 Bd6 18.Nh4 Qxh5 {_MARK:DIAGRAM_} 19.g4 Qd5 20.Rdg1 g5
21.Nf5 exf5 22.gxf5 Qxh1?? {Panic perhaps?   22...Qxf5 23.Rxh6 Rfe8 seems to
hold.} (22...Qxf5 23.Rxh6 Rfe8 $17) 23.Rxh1 Kg7 24.Qd2 Ne4 25.f6+ Kxf6 26.Qd3
Rae8 27.f3 Ng3 28.Rxh6+ Ke7 29.d5 f6 30.dxc6 bxc6 31.Bxg5 Be5 32.Rh7+ Rf7
33.Qa3+ Ke6 34.Qb3+ {#r} 1-0

[Event "2019 Australian Open"]
[Site "chess24.com"]
[Date "2018.12.30"]
[Round "7.5"]
[White "Goldenberg, Igor"]
[Black "Smirnov, Anton"]
[Result "1-0"]
[WhiteElo "2358"]
[BlackElo "2553"]

1.Nf3 d5 2.d4 Nf6 3.c4 e6 4.Nc3 Bb4 5.Qa4+ Nc6 6.e3 O-O 7.Be2 dxc4 8.Bxc4 Bd6
9.O-O e5 10.h3 a6 11.Qc2 b5 12.Be2 Bb7 13.a3 Re8 14.d5 Ne7 15.e4 c6 16.dxc6
Nxc6 17.Be3 Nd4 18.Nxd4 exd4 19.Bxd4 Nxe4 20.Bf3 Rc8 21.Qd1 Rc4 22.Ne2 Bb8
{_MARK:DIAGRAM_} 23.b3?? {Allowing Black a nice series of forcing moves to win
the game.} (23.Be3) 23...Qc7 24.g3 Ng5 25.Bg2 Bxg2 26.Kxg2 Qc6+ 27.f3 Rc2 {#R}
1-0

[Event "2019 Australian Open"]
[Site "chess24.com"]
[Date "2018.12.30"]
[Round "7.3"]
[White "Ikeda, Junta"]
[Black "Cheng, Bobby"]
[Result "0-1"]
[WhiteElo "2421"]
[BlackElo "2510"]

1.Nf3 d5 2.g3 Nf6 3.Bg2 e6 4.O-O Be7 5.d4 O-O 6.c4 dxc4 7.Qc2 c6 8.Qxc4 b5
9.Qc2 Bb7 10.Rd1 Qb6 11.Bg5 Nbd7 12.e4 h6 13.Be3 c5 14.dxc5 Bxc5 15.Bxc5 Qxc5
16.Qxc5 Nxc5 17.e5 Nd5 18.Nd4 a6 19.Nf5 Rad8 20.Nd6 Ba8 21.Nc3 Nxc3 22.bxc3 f6
23.Bxa8 Rxa8 24.exf6 gxf6 25.Rab1 Rfd8 26.c4 Kf8 27.cxb5 Ke7 28.Nc4 Rxd1+
29.Rxd1 axb5 30.Ne3 Rxa2 31.Rb1 Ra5 32.Nc2 e5 33.Nb4 Kd6 34.Kg2 {Bobby is a
pawn ahead and manages to find a way to make progress .... helped by Junta's
time trouble. _MARK:DIAGRAM_} Ne4 35.f3 Nc5 36.Kh3 Ne6 37.Kg4 Nd4 38.f4 f5+
39.Kh5 e4 40.Kxh6 Kc5 41.Rb2 Kc4 42.h4 e3 43.Rb1 e2 44.Kg6 Ra4 45.h5 Rxb4
46.Rc1+ Kd3 47.h6 {#R} 0-1

[Event "2019 Australian Open"]
[Site "chess24.com"]
[Date "2018.12.30"]
[Round "7.2"]
[White "Kuybokarov, Temur"]
[Black "Clarke, Brandon G I"]
[Result "1-0"]
[WhiteElo "2513"]
[BlackElo "2386"]

1.e4 c5 2.Nf3 d6 3.d4 cxd4 4.Nxd4 Nf6 5.Nc3 a6 6.Be3 e5 7.Nf3 Be7 8.Bc4 O-O
9.O-O Be6 10.Bxe6 fxe6 11.Qd3 Qd7 12.Nd2 b5 13.a4 b4 14.Ne2 d5 15.a5 Nc6
16.Nc1 h6 17.Bb6 Nd4 18.exd5 Nxd5 19.Nc4 Bf6 20.Ne2 Rac8 21.Bxd4 exd4 22.Nb6
Nxb6 23.axb6 Qc6 24.Rxa6 Qxc2 25.Nf4 {_MARK:DIAGRAM_} Qxb2?? {25...e5 is
equal, but now White plays precisely to win material.} 26.b7 Rb8 27.Nxe6 Rf7
28.Nc5 Be5 29.Qe4 d3 30.Nxd3 Qc2 31.Rc6 {#r} 1-0

[Event "2019 Australian Open"]
[Site "chess24.com"]
[Date "2018.12.30"]
[Round "7.8"]
[White "Johansen, Darryl K"]
[Black "Ng, Clive"]
[Result "1-0"]
[WhiteElo "2345"]
[BlackElo "2012"]

1.c4 Nf6 2.Nc3 g6 3.e4 d6 4.d4 Bg7 5.Be2 O-O 6.Nf3 e5 7.Be3 Ng4 8.Bg5 f6 9.Bh4
g5 10.Bg3 Nh6 11.d5 f5 12.exf5 Nxf5 13.Nd2 Nd7 14.Nde4 h6 15.O-O Nf6 16.Rc1 c5
17.dxc6 bxc6 18.Nxf6+ Bxf6 19.b4 Nd4 20.b5 Bd7 21.Bf3 Rc8 22.bxc6 Nxf3+
23.Qxf3 Bxc6 24.Qd3 Kg7 25.Rfd1 Be7 26.h3 Qa5 27.f3 Qa6 28.Qe2 Ba4 29.Nxa4
Qxa4 30.c5 dxc5 31.Bxe5+ Bf6 32.Rd6 Qe8 33.Rxf6 Rxf6 {_MARK:DIAGRAM_} 34.Qb2
(34.Bxf6+ Kxf6 35.Qxe8 Rxe8 36.Rxc5 Re6 37.Ra5 a6 {and White should win
comfortably.}) 34...Rc6 35.Bxf6+ Rxf6 36.Kh1 Qe7 37.Qc3 Kg6 38.Qd3+ Kg7 39.Qd5
Qf7 40.Qxc5 Qxa2 41.Qd4 Qa5 42.Ra1 Qf5 43.Rxa7+ Kg6 44.Qd8 Qe6 45.Re7 Qc4
46.Qe8+ Rf7 47.Qg8+ Kf6 48.Rxf7+ Qxf7 49.Qxf7+ Kxf7 50.Kg1 Ke6 51.Kf2 Kf5
52.Ke3 h5 53.g3 Ke5 54.Kd3 Kd5 55.g4 hxg4 56.hxg4 Ke5 57.Ke3 Ke6 58.Ke4 Kf6
59.Kd5 Kf7 60.Ke5 Kg6 61.Ke6 Kg7 62.Kf5 Kh6 63.Kf6 Kh7 64.Kxg5 {#r} 1-0

[Event "2019 Australian Open"]
[Site "chess24.com"]
[Date "2018.12.30"]
[Round "7.6"]
[White "Stojic, Dusan"]
[Black "Liu, Xiangyi"]
[Result "1/2-1/2"]
[WhiteElo "2275"]
[BlackElo "2439"]

1.Nf3 Nf6 2.c4 g6 3.b4 Bg7 4.Bb2 O-O 5.g3 c6 6.Bg2 a5 7.a3 d5 8.Qb3 Na6 9.d3
dxc4 10.dxc4 Qb6 11.Nbd2 axb4 12.axb4 Bd7 13.Rb1 Bf5 14.Bd4 Qc7 15.Rc1 c5
16.Be5 Qc8 17.b5 Nb4 18.O-O Qe6 19.Ra1 Bh6 20.Qb2 Ng4 21.Rxa8 Rxa8 22.e4 Nxe5
23.exf5 Nxf3+ 24.Nxf3 Qxf5 25.Rd1 Bg7 26.Qe2 Bf6 27.h3 Ra2 28.Qe3 Nc2 29.Qe2
Rb2 30.Rd2 Rb1+ 31.Kh2 Rc1 32.Rd8+ Kg7 33.Qd2 e6 34.Rb8 Rb1 35.Qd6 g5 36.Qf8+
Kg6 37.Rxb7 Bg7 {_MARK:DIAGRAM_} 38.Qe7? (38.Qg8 Kh6 39.Rxf7 Qg6 40.h4 gxh4
41.Nxh4 Qg4 42.Bf3 {and White wins.}) 38...Nd4 39.Nxd4 Bxd4 {_MARK:DIAGRAM_}
40.Be4?? {The drawing move, but both players missed a brilliant reply .... can
you see it<} Qxe4?? (40...Rh1+!! 41.Kxh1 Qxe4+ 42.Kh2 Qf5 {and Black wins.})
41.Qxf7+ Kh6 42.Qf8+ Kg6 43.Qg8+ Kh6 44.Qf8+ Kg6 45.Qf7+ Kh6 46.Qf8+ {#d}
1/2-1/2

[Event "2019 Australian Open"]
[Site "chess24.com"]
[Date "2018.12.30"]
[Round "7.10"]
[White "Jordan, William"]
[Black "Dowden, R. Anthony"]
[Result "0-1"]
[WhiteElo "2181"]
[BlackElo "2044"]

1.e4 e6 2.d4 d5 3.e5 c5 4.c3 Nc6 5.Nf3 Nh6 6.a3 Qb6 7.b4 cxd4 8.b5 Na5 9.cxd4
Bd7 10.Nc3 Rc8 11.Na4 Qc7 12.b6 Qc6 13.Nc5 Bxc5 14.dxc5 axb6 15.cxb6 Ng4
16.Be2 Qxb6 17.O-O Nc6 18.Bf4 O-O 19.h3 Nh6 20.Bxh6 gxh6 21.Qd2 Kg7 22.Qf4 f6
23.Qg4+ Kh8 24.Qh5 Qb2 25.Qxh6 Nxe5 26.Rfe1 Nxf3+ 27.Bxf3 Rf7 28.Rab1 Qxa3
29.Rxb7 Rg8 30.Kh2 Qd6+ 31.g3 e5 32.Bg4 Rg6 33.Qd2 Be6 34.Rxf7 Bxf7 35.Ra1 Be6
36.Bh5 Rg7 37.Qh6 Bg8 38.Be2 Rg6 39.Qc1 e4 40.h4 d4 41.h5 Rg5 42.Ra6 Qe5
{_MARK:DIAGRAM_} 43.Qc6 d3 44.Bd1 e3 45.f4 Qb2+ 46.Kh3 Rg7 47.Rb6 Qf2 48.Bg4
f5 49.h6 fxg4+ {#R} 0-1

[Event "2019 Australian Open"]
[Site "chess24.com"]
[Date "2018.12.30"]
[Round "7.11"]
[White "Lakner, Jay"]
[Black "Bjelobrk, Igor"]
[Result "0-1"]
[WhiteElo "2066"]
[BlackElo "2401"]

1.f4 d5 2.g3 Nf6 3.Nf3 e6 4.Bg2 c5 5.O-O Nc6 6.d3 Be7 7.Nc3 O-O 8.h3 Rb8 9.e4
d4 10.Ne2 b5 11.g4 Ne8 12.Ng3 Kh8 13.Rf2 f6 14.Bf1 Nd6 15.Rg2 f5 16.gxf5 exf5
17.e5 Ne8 18.h4 Bxh4 19.Nh1 Be6 20.Rh2 Be7 21.Nf2 Rb6 22.Nh3 Bg8 23.Bd2 Nb4
24.a3 Nd5 25.Nhg5 Rh6 26.Qe2 Nec7 27.c4 dxc3 28.bxc3 Ne6 29.Rxh6 gxh6 30.Nxe6
Bxe6 31.Qh2 Rg8+ 32.Kf2 Rg6 33.Be2 a5 34.Rh1 c4 35.d4 Bxa3 36.Ng5 Bg8 37.Bh5
Rg7 38.Nf3 Be7 39.Rb1 b4 {Black is well on top now. _MARK:DIAGRAM_} 40.Rc1
bxc3 41.Bxc3 Nxc3 42.Rxc3 a4 43.Ke3 Bb4 44.Rc2 Qd5 45.Nd2 Bxd2+ 46.Rxd2 c3
47.Rd1 Qe4+ 48.Kf2 c2 {#R} 0-1

[Event "2019 Australian Open"]
[Site "?"]
[Date "2018.12.30"]
[Round "7"]
[White "Savige, Colin"]
[Black "Richards, Heather"]
[Result "0-1"]
[WhiteElo "1941"]
[BlackElo "2233"]
[EventType "swiss"]
[EventRounds "9"]

1.e4 d6 2.d4 Nf6 3.f3 g6 4.Be3 Bg7 5.c4 e5 6.Nc3 exd4 7.Qxd4 Nbd7 8.Nge2 O-O
9.Qd2 Ne5 10.Nd4 c5 11.Nc2 a6 12.Be2 Be6 13.b3 Ne8 14.Bh6 Qh4+ {#R} 0-1

[Event "AUS Open"]
[Site "?"]
[Date "2018.12.30"]
[Round "6.12"]
[White "Dissanyake, Prasanga"]
[Black "Dale, Ari"]
[Result "0-1"]
[WhiteElo "2033"]
[BlackElo "2371"]
[EventType "swiss"]
[EventRounds "9"]

1. e4 c5 2. Nf3 e6 3. d4 cxd4 4. Nxd4 Nc6 5. Nb5 d6 6. c4 Nf6 7. N1c3 a6 8.
Na3 Be7 9. Be2 O-O 10. O-O b6 11. Be3 Ne5 12. f4 Ned7 13. Bf3 Bb7 14. Qc2 Qc7
15. Rad1 Rac8 16. Rf2 Qb8 17. Qb3 Qa8 18. Qc2 Nc5 19. Bxc5 Rxc5 20. Qe2 Rc7
21. Nab1 d5 22. exd5 exd5 23. Nxd5 Nxd5 24. cxd5 Bc5 25. Nc3 Re8 26. Qf1 b5
27. Kh1 Bxf2 28. Qxf2 b4 29. Na4 Qd8 30. Nc5 Qd6 31. Ne4 Qxf4 32. g3 Qe5 33.
Qb6 Qf5 34. Kg2 Rc2+ 35. Nf2 Qd7 36. Qxb4 Qb5 37. Qxb5 axb5 38. d6 Bxf3+ 39.
Kxf3 Rd8 40. Ne4 f5 41. Ng5 Rc6 42. d7 Rc7 {#R} 0-1

[Event "2019 Australian Open"]
[Site "chess24.com"]
[Date "2018.12.30"]
[Round "8.1"]
[White "Papin, Vasily"]
[Black "Tan, Justin"]
[Result "1/2-1/2"]
[WhiteElo "2483"]
[BlackElo "2502"]

1.d4 Nf6 2.c4 e6 3.Nc3 Bb4 4.Qc2 O-O 5.a3 Bxc3+ 6.Qxc3 d5 7.Bg5 dxc4 8.Qxc4 b6
9.Rd1 Ba6 10.Qa4 h6 11.Bh4 Qd7 12.Qc2 Qc6 13.Qxc6 Nxc6 14.Bxf6 gxf6 15.Nf3 Ne7
16.e3 Bb7 17.Rc1 Rfc8 18.Bd3 Rab8 19.Ke2 Kf8 20.Rhd1 c5 21.dxc5 Rxc5 22.Rxc5
bxc5 23.Rd2 Bd5 {_MARK:DIAGRAM_} {#d} 1/2-1/2

[Event "2019 Australian Open"]
[Site "chess24.com"]
[Date "2018.12.30"]
[Round "8.6"]
[White "Liu, Yi"]
[Black "Ikeda, Junta"]
[Result "0-1"]
[WhiteElo "2255"]
[BlackElo "2421"]

1.d4 f5 2.c4 Nf6 3.Nc3 d6 4.Bg5 Nbd7 5.Qc2 e6 6.e4 fxe4 7.Nxe4 Be7 8.Nf3 O-O
9.Nxf6+ Bxf6 10.h4 c5 11.Bd3 h6 12.Bxf6 Qxf6 13.O-O-O b5 14.cxb5 Bb7 15.dxc5
Nxc5 16.Kb1 Rac8 17.Rhe1 Kh8 18.h5 e5 19.Bg6 e4 20.Nd4 Nd3 {_MARK:DIAGRAM_}
21.Qa4? {21.Nc3 was better.  Now things get horrible.} Nxe1 22.Rxe1 Qxf2
23.Qd1 e3 24.Nc2 Bxg2 25.Re2 Bf3 26.Rxf2 exf2 {#R} 0-1

[Event "2019 Australian Open"]
[Site "chess24.com"]
[Date "2018.12.30"]
[Round "8.3"]
[White "Smirnov, Anton"]
[Black "Dowden, R. Anthony"]
[Result "1-0"]
[WhiteElo "2553"]
[BlackElo "2044"]

1.e4 e6 2.d4 d5 3.Nc3 Bb4 4.e5 b6 5.a3 Bf8 6.h4 a5 7.h5 h6 8.f4 Ne7 9.g4 Qd7
10.Be3 Ba6 11.Nce2 a4 12.Nf3 Nbc6 13.Bd2 Bb5 14.Bh3 Bxe2 15.Qxe2 g6 16.hxg6
fxg6 17.Qd3 h5 18.O-O-O hxg4 19.Bxg4 Rxh1 20.Rxh1 Nf5 21.Bxf5 gxf5 22.Ng5 Ne7
23.Rh7 O-O-O 24.Nf7 Re8 25.Qa6+ Kb8 26.Bb4 Qc6 27.Nd6 Rd8 28.Nb5 Qc4
{_MARK:DIAGRAM_} 29.Qa7+? (29.Kd2 Nc8 30.Bd6 Rxd6 31.Rxc7 Qxc7 32.Nxc7 Rc6
33.Ne8 {and White is much better.}) 29...Kc8 30.Qxc7+ Qxc7 31.Nxc7 Kxc7
32.Bxe7 Rd7 33.Bd6+ Bxd6 34.exd6+ Kxd6 35.Rxd7+ Kxd7 {The dust has settled. 
White is winning, but he gets a little help next move. _MARK:DIAGRAM_} 36.b3
axb3?? {Now it's easy.  White can just march his King to the kingside and he
always has the threat of the outside passed pawn on the queenside.  Instead
36... Ke7 left White with some problems to solve.} 37.cxb3 b5 38.Kd1 Ke7
39.Ke1 Kf6 40.Kf2 Kf7 41.Kg3 Ke7 42.Kh4 {#r} 1-0

[Event "2019 Australian Open"]
[Site "chess24.com"]
[Date "2018.12.30"]
[Round "8.5"]
[White "Liu, Xiangyi"]
[Black "Puccini, Jack"]
[Result "1-0"]
[WhiteElo "2439"]
[BlackElo "2268"]

1.d4 Nf6 2.c4 g6 3.Nc3 Bg7 4.e4 d6 5.Nf3 O-O 6.Be2 c5 7.O-O cxd4 8.Nxd4 Nc6
9.Be3 Be6 10.Nxe6 fxe6 11.Qb3 Qd7 12.c5 d5 13.Rad1 Na5 14.Qa3 Nc6 15.Qb3 Na5
16.Qc2 Kh8 17.b4 Nc6 18.b5 Ne5 19.f4 Neg4 20.Bd4 e5 21.fxe5 Nxe4 22.Rxf8+ Rxf8
23.Nxe4 dxe4 24.c6 bxc6 25.Qxc6 Qxc6 26.bxc6 {_MARK:DIAGRAM_} Nxe5 27.c7 Nd3
28.Bxg7+ Kxg7 29.Bg4 e6 30.Bxe6 e3 31.Bg4 Nf2 32.Rd8 Nh3+ 33.gxh3 {#r} 1-0

[Event "2019 Australian Open"]
[Site "chess24.com"]
[Date "2018.12.30"]
[Round "8.11"]
[White "Gusain, Daniel"]
[Black "Chow, Samuel"]
[Result "0-1"]
[WhiteElo "2087"]
[BlackElo "2331"]

1.Nf3 b6 2.e4 Bb7 3.Nc3 e6 4.d4 Bb4 5.Bd3 Nf6 6.e5 Ne4 7.O-O Nxc3 8.bxc3 Bxc3
9.Rb1 Nc6 10.Be4 Ba6 11.Rb3 Bxf1 12.Qxf1 Ba5 13.Ba3 f5 14.exf6 Qxf6 15.Qc4
O-O-O 16.Ne5 Nb8 17.Rf3 d5 {Now the game hinges on where White puts his Q.
_MARK:DIAGRAM_} 18.Qa4?? (18.Qe2) 18...Qxe5!! 19.dxe5 dxe4 {Black has too much
material for a mere Q.} {#R} 0-1

[Event "2019 Australian Open"]
[Date "2018.12.31"]
[Round "8.12"]
[White "Ryjanova, Julia"]
[Black "Winkelman"]
[Result "1-0"]
[WhiteElo "2308"]
[BlackElo "2075"]

1.c4 Nf6 2.Nf3 e6 3.g3 d5 4.Bg2 Be7 5.b3 d4 6.b4 O-O 7.Bb2 e5 8.Nxe5 Bxb4
9.O-O Re8 10.Nf3 c5 11.e3 Nc6 12.Na3 Be6 13.exd4 cxd4 14.d3 Qd7 15.Nc2 Bc5
16.Re1 Bf5 17.Qd2 h6 18.Rxe8+ Rxe8 19.Re1 Rxe1+ 20.Ncxe1 Ng4 21.Qe2 Qe6
22.Qxe6 fxe6 23.Nh4 Bb4 {_MARK:DIAGRAM_} 24.Bxc6 Bxe1 25.Nxf5 bxc6 26.Nxd4
Bxf2+ 27.Kg2 Ne5 28.Nxe6 Nxd3 29.Bc3 g5 30.Kf3 {_MARK:DIAGRAM_} Bb6? 31.Ke4!
Kf7 32.Nxg5+ hxg5 33.Kxd3 a6 34.Ke4 Ke6 35.h4 gxh4 36.gxh4 Bd8 37.h5 {#r} 1-0

[Event "2019 Australian Open"]
[Site "chess24.com"]
[Date "2018.12.30"]
[Round "8.8"]
[White "Clarke, Brandon G I"]
[Black "Dragicevic, Domagoj"]
[Result "1-0"]
[WhiteElo "2386"]
[BlackElo "2193"]

1.e4 c5 2.Nf3 d6 3.d4 cxd4 4.Nxd4 Nf6 5.Nc3 a6 6.Be3 e5 7.Nf3 Be7 8.Bc4 O-O
9.O-O Nc6 10.Qe2 b5 11.Bb3 Be6 12.Rfd1 Qc7 13.Bg5 b4 14.Bxf6 bxc3 15.Bxe7 cxb2
16.Bxf8 bxa1=Q 17.Rxa1 Kxf8 18.Bxe6 fxe6 19.Qc4 Qd7 20.Rb1 Ke7 21.Ng5 Kf6
22.h4 h6 23.Rb7 {_MARK:DIAGRAM_} Qc8?? {23...Na5 was even.  Now White has mate
in 9 moves but he missed it.} 24.Rc7? (24.Qb3!!) 24...Qe8 25.Nxe6 Qxe6 26.Qxc6
Rd8 27.Ra7 Qxa2 28.Qc7 Qg8 29.Rxa6? (29.h5!) 29...Qf8 30.Ra3 Kg6 31.Rg3+ Kh7
32.Rxg7+ Qxg7 33.Qxd8 Qg4 34.Qe7+ Kg8 35.Qd8+ Kh7 36.Qxd6 Qe2 37.Qe7+ Kg8
38.Qxe5 Qe1+ 39.Kh2 Qxf2 {#r} 1-0

[Event "2019 Australian Open"]
[Site "chess24.com"]
[Date "2018.12.30"]
[Round "8.1"]
[White "Cheng, Bobby"]
[Black "Kuybokarov, Temur"]
[Result "1/2-1/2"]
[WhiteElo "2510"]
[BlackElo "2513"]

1.d4 Nf6 2.c4 e6 3.Nf3 d5 4.g3 Bb4+ 5.Bd2 Be7 6.Bg2 O-O 7.O-O Nbd7 8.Qc2 Ne4
9.Bc1 c6 10.b3 b5 11.Nbd2 Nxd2 12.Nxd2 bxc4 13.bxc4 Ba6 14.Rd1 Bf6 15.Bb2 Rb8
16.e3 Qa5 17.Bc3 Qc7 18.Qa4 Qc8 19.cxd5 cxd5 20.Rdc1 Bb5 21.Qa3 Qa6 22.Bb4
Rfc8 23.Nb3 Nb6 24.Qxa6 Bxa6 25.Bd6 Rxc1+ 26.Rxc1 Rc8 27.Bc5 Bc4 28.Bf1 Bd8
29.Rc2 Bxf1 30.Kxf1 Na4 31.Ke2 f6 32.Kd3 a6 33.Bb4 Rxc2 34.Kxc2 Kf7 35.Ba5 Ke7
36.Bxd8+ Kxd8 37.Nd2 Nb6 38.Nb3 Nd7 39.Kc3 Kc7 40.Kb4 Kb6 41.a4 h5 42.h3 g5
43.g4 h4 {_MARK:DIAGRAM_} 44.f4? f5! 45.Nc5 a5+ 46.Kc3 Nxc5? {Now its a draw.}
(46...Kc6!) 47.dxc5+ Kxc5 48.fxg5 fxg4 49.g6 gxh3 50.g7 h2 51.g8=Q h1=Q
52.Qc8+ Kd6 53.Qd8+ Kc6 54.Qc8+ Kd6 55.Qd8+ Kc6 56.Qc8+ Kd6 57.Qd8+ {#d}
1/2-1/2